Adaptačný a stabilizačný program novoprijatých zamestnancov : Diplomová práca

Gespeichert in:
Bibliographische Detailangaben
1. Verfasser: Nižník, Ondrej (Verfasst von)
Weitere Verfasser: Hatiar, Karol, 1949- (xxx)
Format: Manuskript Buch
Sprache:Slowakisch
Veröffentlicht: Trnava : STU v Bratislave MtF KPIM, 2004
Schlagworte:
Tags: Tag hinzufügen
Keine Tags, Fügen Sie das erste Tag hinzu!

MARC

LEADER 00000ntm a22000003a 4500
001 stu89410
005 20160719154621.8
008 040730s2004----xo------------------slo-d
040 |a STU  |b slo 
041 0 |a slo 
044 |a xo 
100 1 |a Nižník, Ondrej  |4 aut 
245 1 |a Adaptačný a stabilizačný program novoprijatých zamestnancov :  |b Diplomová práca 
260 |a Trnava :  |b STU v Bratislave MtF KPIM,  |c 2004 
300 |a 59 s  |c CD 
650 7 |a priemyselné inžinierstvo a manažment  |2 stusub 
650 7 |a personalistika  |2 stusub 
700 1 |a Hatiar, Karol,  |d 1949-  |4 xxx  |u M4000  |U MTF Materiálovotechnologická fakulta  |T MTF Ústav priemyselného inžinierstva a manažmentu  |X 326  |U M4000  |Y 84  |7 A000000326 
996 |b 284M060062  |c M*DP-5300  |l MMSKP  |s P  |a 0  |w stu89410_0001